[Event "SVK-chT2C 1617"]
[Site "Slovakia"]
[Date "2017.03.12"]
[Round "11.8"]
[White "Kalisky, Miroslav"]
[Black "Borgula, Ivan"]
[Result "0-1"]
[WhiteElo "1515"]
[BlackElo "1811"]
[PlyCount "74"]
[EventDate "2016.10.08"]
[EventType "team-tourn"]
[EventRounds "11"]
[EventCountry "SVK"]
[SourceTitle "EXT 2018"]
[Source "ChessBase"]
[SourceDate "2017.10.13"]
[SourceVersion "1"]
[SourceVersionDate "2017.10.13"]
[SourceQuality "1"]
[WhiteTeam "Podbrezova ZP Sport"]
[BlackTeam "Banska Bystrica Veza"]
[WhiteTeamCountry "SVK"]
[BlackTeamCountry "SVK"]

1. e4 d6 2. d4 g6 3. Bc4 c6 4. d5 Nf6 5. Nc3 Bg7 6. h3 0-0 7. Nf3 Nbd7 8. dxc6 bxc6 9. Be3 Bb7 10. Bd4 e5 11. Be3 Nb6 12. Bb3 c5 13. Bd5 Nbxd5 14. Nxd5 Nxe4 15. Nc3 Nxc3 16. bxc3 e4 17. Nd2 Bxc3 18. Rb1 Qc7 19. 0-0 f5 20. g3 Bd5 21. a3 Ba2 22. Qe2 Bxd2 23. Bxd2 Bxb1 24. Rxb1 Qc6 25. Bc3 d5 26. h4 Rae8 27. Rb5 d4 28. Qc4+ Qe6 29. Qxe6+ Rxe6 30. Bb2 Rc6 31. Rb7 Rf7 32. Rb8+ Kg7 33. Bc1 Rb6 34. Rxb6 axb6 35. Kf1 Kf6 36. Ke2 Ke5 37. Kd2 f4 0-1

[Event "SVK-chT2C 1415"]
[Site "Slovakia"]
[Date "2014.10.12"]
[Round "2.8"]
[White "Borgula, Ivan"]
[Black "Misovic, Jan"]
[Result "0-1"]
[WhiteElo "1779"]
[BlackElo "1957"]
[PlyCount "64"]
[EventDate "2014.10.11"]
[EventType "team-tourn"]
[EventRounds "11"]
[EventCountry "SVK"]
[SourceTitle "EXT 2016"]
[Source "ChessBase"]
[SourceDate "2015.10.08"]
[SourceVersion "1"]
[SourceVersionDate "2015.10.08"]
[SourceQuality "1"]
[WhiteTeam "Banska Bystrica Veza"]
[BlackTeam "Zilina Mladost II"]
[WhiteTeamCountry "SVK"]
[BlackTeamCountry "SVK"]

1. e4 c5 2. c3 d5 3. e5 Nc6 4. Bb5 Bd7 5. Bxc6 Bxc6 6. d4 e6 7. Ne2 Ne7 8. Nd2 Qb6 9. Nf3 Rc8 10. b3 cxd4 11. cxd4 Nf5 12. g4 Bb4+ 13. Bd2 Ne7 14. Bxb4 Qxb4+ 15. Qd2 a5 16. Qxb4 axb4 17. Kd2 h5 18. Ne1 Bb5 19. f3 Nc6 20. Nd3 Ra8 21. Ke3 Ke7 22. g5 Ra7 23. Nef4 g6 24. Nc1 Rha8 25. h4 Kd7 26. Nfd3 b6 27. Rh2 Ne7 28. Nxb4 Nf5+ 29. Kf4 Nxd4 30. a4 Rc7 31. Raa2 Rxc1 32. axb5 Rc3 0-1

[Event "SVK-chT2C 1314"]
[Site "Slovakia"]
[Date "2013.10.20"]
[Round "2.7"]
[White "Borgula, Ivan"]
[Black "Sulgan, Branislav"]
[Result "1/2-1/2"]
[WhiteElo "1761"]
[BlackElo "1775"]
[PlyCount "45"]
[EventDate "2013.10.19"]
[EventType "team-tourn"]
[EventRounds "11"]
[EventCountry "SVK"]
[SourceTitle "EXT 2015"]
[Source "ChessBase"]
[SourceDate "2014.11.20"]
[SourceVersion "1"]
[SourceVersionDate "2014.11.20"]
[SourceQuality "1"]
[WhiteTeam "Banska Bystrica Veza"]
[BlackTeam "Cadca II"]
[WhiteTeamCountry "SVK"]
[BlackTeamCountry "SVK"]

1. e4 c6 2. d4 d5 3. e5 e6 4. Nf3 Nd7 5. Bd3 c5 6. c3 cxd4 7. cxd4 Bb4+ 8. Nc3 Ne7 9. 0-0 Nc6 10. a3 Be7 11. b4 Nb6 12. Qe2 0-0 13. Be3 f6 14. Rfd1 f5 15. g3 g5 16. Ne1 Rf7 17. Nc2 Bd7 18. f4 Rg7 19. Rf1 a6 20. Kf2 Rc8 21. Bd2 gxf4 22. gxf4 Bh4+ 23. Ke3 1/2-1/2

[Event "SVK-chT2C 1213"]
[Site "Slovakia"]
[Date "2012.10.14"]
[Round "2.8"]
[White "Borgula, Ivan"]
[Black "Zatko, Pavol"]
[Result "1-0"]
[WhiteElo "1875"]
[BlackElo "1663"]
[PlyCount "75"]
[EventDate "2012.10.13"]
[EventType "team-tourn"]
[EventRounds "11"]
[EventCountry "SVK"]
[SourceTitle "EXT 2015"]
[Source "ChessBase"]
[SourceDate "2014.11.20"]
[SourceVersion "1"]
[SourceVersionDate "2014.11.20"]
[SourceQuality "1"]
[WhiteTeam "Banska Bystrica Veza"]
[BlackTeam "Detva Podpolanie"]
[WhiteTeamCountry "SVK"]
[BlackTeamCountry "SVK"]

1. e4 e5 2. Nf3 Nc6 3. c3 d5 4. d3 dxe4 5. dxe4 Qxd1+ 6. Kxd1 Nf6 7. Bd3 Bg4 8. Ke2 0-0-0 9. h3 Bh5 10. g4 Bg6 11. Nfd2 Bc5 12. f3 Rd6 13. Nc4 Rd7 14. b4 Rhd8 15. Bc2 Bd6 16. a4 Ne8 17. Be3 a6 18. b5 Nb8 19. Nbd2 f6 20. Nxd6+ Nxd6 21. Bb3 Bf7 22. c4 b6 23. Rhc1 Nb7 24. c5 Rxd2+ 25. Bxd2 Bxb3 26. cxb6 Rd7 27. Rc3 axb5 28. Rxb3 bxa4 29. Rc3 Kd8 30. Rxa4 c5 31. Ra8 Kc8 32. Be3 Rd6 33. Bxc5 Nxc5 34. Rxc5+ Kb7 35. Rca5 Rxb6 36. R5a7+ Kc6 37. Rxg7 Nd7 38. Rc8+ 1-0